On This Day: April 30th II Quiz Stats

 Plays Quiz Updated Apr 30, 2018

Score 0/7 Timer 03:00
0 Plays Today
Question Answer Wrong Answers
Following a joint resolution of Congress, Boulder Dam in Nevada is renamed ______ Dam.
1947
Hoover
97.6%
Roosevelt
0.8%
Coolidge
0.7%
Harding
0.3%
The Territory of Orleans becomes the 18th US state under the name ______.
1812
Louisiana
95.9%
Georgia
1.1%
Florida
1.7%
Tennessee
1.4%
The animated cartoon short ‘Porky’s Hare Hunt’ debuts in movie theaters, introducing Happy Rabbit, a prototype of ______.
1938
Bugs Bunny
92.8%
Roger Rabbit
3.3%
Thumper
0.8%
Peter Rabbit
2.7%
Governor David B. Hill signs legislation creating the Niagara Reservation, this state’s first state park.
1885
New York
90.1%
Pennsylvania
2.5%
Vermont
4.7%
Maine
2.6%
This French-Canadian singer wins the 33rd Eurovision Song Contest while representing Switzerland, helping launch her career in the English-speaking world.
1988
Céline Dion
86.5%
Shania Twain
4.4%
Lara Fabian
2.5%
Alanis Morissette
5.7%
This Israeli actress and model, best known for playing Wonder Woman in the DC Extended Universe, is born.
1985
Gal Gadot
76.5%
Natalie Portman
11.5%
Margot Robbie
4.9%
Isla Fisher
6.4%
Willem-Alexander is inaugurated as King of this nation, following the abdication of his mother Beatrix.
2013
Netherlands
60.7%
Monaco
7.3%
Denmark
21.6%
Norway
9.3%

You're not logged in!

Compare scores with friends on all Sporcle quizzes.
OR
Log In

Sporcle TV

Today on Sporcle TV


Watch our educational content, quiz creation guides, and fun videos on Sporcle TV.

Show Comments

Extras

Top Quizzes Today


Score Distribution

Your Account Isn't Verified!

In order to create a playlist on Sporcle, you need to verify the email address you used during registration. Go to your Sporcle Settings to finish the process.

Report this User

Report this user for behavior that violates our Community Guidelines.

Details: